Accountability: an ever-expanding concept? (Record no. 46816)
[ view plain ]
| 000 -LEADER | |
|---|---|
| fixed length control field | 00335pab a2200133 454500 |
| 008 - FIXED-LENGTH DATA ELEMENTS--GENERAL INFORMATION | |
| fixed length control field | 180718b2000 xxu||||| |||| 00| 0 eng d |
| 100 ## - MAIN ENTRY--PERSONAL NAME | |
| Personal name | Mulgan, Richard |
| 245 ## - TITLE STATEMENT | |
| Title | Accountability: an ever-expanding concept? |
| 260 ## - PUBLICATION, DISTRIBUTION, ETC. | |
| Date of publication, distribution, etc. | 2000 |
| 300 ## - PHYSICAL DESCRIPTION | |
| Extent | p.555-73 |
| 650 ## - SUBJECT ADDED ENTRY--TOPICAL TERM | |
| Topical term or geographic name entry element | Accountability |
| 773 ## - HOST ITEM ENTRY | |
| Main entry heading | Public Administration |
| 909 ## - | |
| -- | 46816 |
| Withdrawn status | Lost status | Damaged status | Not for loan | Permanent Location | Current Location | Date acquired | Serial Enumeration / chronology | Barcode | Date last seen | Price effective from | Koha item type |
|---|---|---|---|---|---|---|---|---|---|---|---|
| Indian Institute of Public Administration | Indian Institute of Public Administration | 2018-07-19 | Volume no: 78, Issue no: 3 | AR47244 | 2018-07-19 | 2018-07-19 | Articles |
